Statistics for Cocktail Ingredients

Click here to take the quiz!

General Stats

  • This quiz has been taken 34 times
  • The average score is 7 of 15

Answer Stats

HintAnswer% Correct
Tequila, Triple Sec, Lime JuiceMargarita
79%
White Rum, Mint, Lime Wedges, Soda WaterMojito
76%
Bourbon, Sugar, BittersOld Fashioned
76%
Vanilla Vodka, Coffee Liquer, Fresh EspressoEspresso Martini
66%
Campari, Gin, Sweet VermouthNegroni
66%
Whiskey, Lemon Juice, Egg Whites.Whiskey Sour
62%
Whiskey, Fresh Espresso, Sugar, CreamIrish Coffee
52%
Vanilla Vodka, Passionfruit Liquer, Passionfruit Syrup, Lime Juice, Pineapple JuicePornstar Martini
38%
Tequila, Grapefruit Juice, Lime JuicePaloma
31%
Violette Liquer, Gin, Maraschino Liquer, Lemon JuiceAviation
28%
Campari, Sweet Vermouth, Soda WaterAmericano
24%
Gin, Lemon Juice, Blackcurrant Liquer or ChambordBramble
24%
White Rum, Dark Rum, Triple Sec, Lime JuiceMai Tai
17%
White Rum, Lime Juice, SugarDaquiri
14%
Elderflower Liquer, Mint, Sparkling Wine, Soda WaterHugo
14%

Score Distribution

Percentile by Number Answered

Percent of People with Each Score

Your Score History

You have not taken this quiz